000 00549nam a2200217Ia 4500
003 0100
008 130303s9999 xx 000 0 und d
020 _a9783725734
040 _cARRUPELIB
050 _aBL2480.T58G291
100 _aGbenda, Joseph S.
245 _aEschatology in Tiv traditional Religious culture
245 _ban interpretative enquiry
260 _aLagos
260 _bChuka Educational Publishers
260 _C2005
300 _axiii
300 _b 258p. 21cm
650 _bPhilosophy, African
942 _2lcc
_01
999 _c62825
_d62825